| 000 | 00398nam a2200157 i 4500 | ||
|---|---|---|---|
| 001 | bg | ||
| 100 | 1 | _aBERGSTEIN, A. | |
| 245 | 0 |
_aCeramika materiałów dielektrycznych i magnetycznych / _cA. Bergstein, S. Krupicka. |
|
| 260 |
_aWarszawa, _c1961. |
||
| 700 | 1 | _aKRUPICKA, S. | |
| 040 | _cBPK | ||
| 041 | _apol | ||
| 080 | _a621.318 | ||
| 942 | _cKS | ||
| 008 | s pl f |000 0 pol | ||
| 999 |
_c17806 _d17806 |
||
| 856 |
_uhttp://koha.tu.koszalin.pl/cgi-bin/koha/opac-detail.pl?biblionumber=17806 _yKatalog online BPK |
||